000 00243nam a22001337a 4500
999 _c162343
_d162343
082 _a
_b
100 _a
245 _aHindi dictionary
_c
260 _a
_bRajpal,
_c1994.
300 _a935p.
650 _a
700 _a
942 _cBK